Mass media and society / (Record no. 16005)
[ view plain ]
| 000 -LEADER | |
|---|---|
| fixed length control field | 00810nam a22002417a 4500 |
| 003 - CONTROL NUMBER IDENTIFIER | |
| control field | OSt |
| 005 - DATE AND TIME OF LATEST TRANSACTION | |
| control field | 20260407062102.0 |
| 008 - FIXED-LENGTH DATA ELEMENTS--GENERAL INFORMATION | |
| fixed length control field | 260407t2005 |||||||| |||| 00| | eng d |
| 020 ## - INTERNATIONAL STANDARD BOOK NUMBER | |
| International Standard Book Number | 978-0-340-88499-7 |
| 040 ## - CATALOGING SOURCE | |
| Transcribing agency | JMCFI - Learning Resource Center |
| 082 ## - DEWEY DECIMAL CLASSIFICATION NUMBER | |
| Classification number | F.P./G.Ed. 302.23 M414 2005 |
| 245 ## - TITLE STATEMENT | |
| Title | Mass media and society / |
| Statement of responsibility, etc. | edited by James Curran and Michael Gurevitch. |
| 250 ## - EDITION STATEMENT | |
| Edition statement | Fourth edition. |
| 260 ## - PUBLICATION, DISTRIBUTION, ETC. | |
| Place of publication, distribution, etc. | London : |
| Name of publisher, distributor, etc. | Hodder Education, |
| Date of publication, distribution, etc. | 2005. |
| 300 ## - PHYSICAL DESCRIPTION | |
| Extent | viii, 400 pages ; |
| Dimensions | 25 cm |
| 500 ## - GENERAL NOTE | |
| General note | Includes indexes and bibliographical references. |
| 650 ## - SUBJECT ADDED ENTRY--TOPICAL TERM | |
| Topical term or geographic name entry element | Mass communication. |
| 9 (RLIN) | 42404 |
| 650 ## - SUBJECT ADDED ENTRY--TOPICAL TERM | |
| Topical term or geographic name entry element | Mass media. |
| 9 (RLIN) | 22645 |
| 650 ## - SUBJECT ADDED ENTRY--TOPICAL TERM | |
| Topical term or geographic name entry element | Communication. |
| 9 (RLIN) | 1610 |
| 700 ## - ADDED ENTRY--PERSONAL NAME | |
| Personal name | Curran, James |
| Relator term | editor |
| 9 (RLIN) | 47920 |
| 700 ## - ADDED ENTRY--PERSONAL NAME | |
| Personal name | Gurevitch, Michael |
| Relator term | editor |
| 9 (RLIN) | 47921 |
| 942 ## - ADDED ENTRY ELEMENTS (KOHA) | |
| Source of classification or shelving scheme | Dewey Decimal Classification |
| Koha item type | Books |
| Edition | Fourth edition |
| Suppress in OPAC | No |
| Withdrawn status | Lost status | Source of classification or shelving scheme | Damaged status | Not for loan | Home library | Current library | Shelving location | Date acquired | Total Checkouts | Full call number | Barcode | Date last seen | Copy number | Price effective from | Koha item type |
|---|---|---|---|---|---|---|---|---|---|---|---|---|---|---|---|
| Dewey Decimal Classification | LRC - College (Main) | LRC - College (Main) | Foreign Publications - General Education | 07/08/2011 | F.P./G.Ed. 302.23 M414 2005 | 00010528 | 04/07/2026 | 1 | 04/07/2026 | Books |